Statistics for The Lion, the Witch, and the Wardrobe Characters

Click here to take the quiz!

General Stats

  • This quiz has been taken 37 times
    (28 since last reset)
  • The average score is 9 of 13

Answer Stats

HintAnswer% Correct
Second ChildEdmund Pevensie
100%
Youngest ChildLucy Pevensie
100%
Oldest ChildPeter Pevensie
100%
Third ChildSusan Pevensie
96%
HoofsTumnus
87%
Great CatAslan
83%
Old ManThe Professor
74%
RodentMr. Beaver
65%
His Loving WifeMrs. Beaver
65%
Very PaleThe White Witch
65%
Secret PoliceMaugrim
52%
GiantRumblebuffin
22%
HousekeeperMrs. Macready
17%

Score Distribution

Percentile by Number Answered

Percent of People with Each Score

Your Score History

You have not taken this quiz since the last reset